Clonal nursery evaluation of Wickham x Amazonian hybrids in rubber (Hevea brasiliensis)(Willd. ex Adr. de Juss.) Muell. Arg.) (Record no. 55721)

MARC details
000 -LEADER
fixed length control field 00490nam a2200109Ia 4500
100 ## - MAIN ENTRY--AUTHOR NAME
Personal name Sankariammal L
245 #0 - TITLE STATEMENT
Title Clonal nursery evaluation of Wickham x Amazonian hybrids in rubber (Hevea brasiliensis)(Willd. ex Adr. de Juss.) Muell. Arg.)
260 ## - PUBLICATION, DISTRIBUTION, ETC. (IMPRINT)
Name of publisher National Conference on Developmental Biology, NACON D BIO 2010, 15-17 September 2010, Department of Botany, Bangalore University, Bangalore, pp. 88
700 ## - ADDED ENTRY--PERSONAL NAME
Personal name Mydin K K
942 ## - ADDED ENTRY ELEMENTS (KOHA)
Koha item type Journals
Holdings
Withdrawn status Lost status Damaged status Not for loan Home library Current library Shelving location Date acquired Koha item type
      Journals RRII Library RRII Library DL 29/10/2010 Journals